| 000 | 00674nam a2200217 a 4500 | ||
|---|---|---|---|
| 005 | 20240228064136.0 | ||
| 008 | 140613s2004 mx r 000 0 spa d | ||
| 020 | _a9788431672560 | ||
| 035 | _aUPN01000197879 | ||
| 049 | _aI | ||
| 050 | 4 |
_aPZ74 _bB3.73 |
|
| 100 | 1 |
_aBatt, Tanya Robyn, _d1970- _935852 |
|
| 245 | 1 | 3 |
_aEl regalo del duende / _cTanya Robin Batt ; il. Nicoletta Ceccoli ; tr. Pablo Antón Pascual. |
| 260 |
_aBarcelona, Esp. : _bVicens Vives, _c2004. |
||
| 300 |
_a39 p. : _bil. col. |
||
| 440 | 0 | _aPiñata | |
| 650 | 4 |
_aDUENDES - _vLITERATURA INFANTIL _911154 |
|
| 650 | 4 |
_aLibros y lectura para niños _92290 |
|
| 905 | _aInfantil | ||
| 999 |
_c169980 _d169980 |
||